| 000 | 00853nac a22002291u 4500 | ||
|---|---|---|---|
| 010 | _a76365424 | ||
| 020 |
_a0416846203 _a0416846106 |
||
| 082 | 0 | 0 |
_a307.7602854 _bB3552 |
| 090 |
_c1725 _d1725 |
||
| 100 | _aBaxter, Richard Stephe | ||
| 245 | 1 | 0 |
_aComputer and statistical techniques for planners / _cRichard S. Baxter. |
| 260 |
_aLondon : _bMethuen, _c1976. |
||
| 300 |
_a336 p. : _bill. ; _c24 cm. |
||
| 500 | _aDonations | ||
| 500 | _aDonations - Dr. Mostafa Gouda | ||
| 504 | _aIncludes bibliographies and index. | ||
| 650 | 0 |
_aCity planning _xData processing. |
|
| 650 | 0 |
_aCities and towns _xSimulation methods. |
|
| 650 | 0 |
_aRegional planning _xData processing. |
|
| 942 |
_cBB _k307.7602854B3552 |
||
| 999 |
_c1725 _d1725 |
||